LEADER 00911nas 2200361 c 450 001 9910893295503321 005 20260218111634.0 011 $a2268-4565 035 $a(CKB)5280000000194690 035 $a(DE-101)1064848346 035 $a(DE-599)ZDB2805957-8 035 $a(DE-599)2805957-8 035 $a(EXLCZ)995280000000194690 100 $a20150112a20149999 |y | 101 0 $aeng 135 $aur||||||||||| 181 $ctxt$2rdacontent 182 $cc$2rdamedia 183 $acr$2rdacarrier 200 00$aJournal of Plant Hydraulics$eJPH 210 31$a[S.l.]$d2014- 215 $aOnline-Ressource 300 $aGesehen am 12.01.15 517 3 $aJPH 608 $aZeitschrift$2gnd-content 676 $a580 801 0$b0355 801 1$bDE-101 801 2$b9999 906 $aJOURNAL 912 $a9910893295503321 996 $aJournal of Plant Hydraulics$94254837 997 $aUNINA